<?xml version="1.0" encoding="UTF-8"?>
<resp>
  <nextPage>https://data.bn.org.pl/api/networks/bibs.marcxml?marc=001+b00001150003744&amp;sinceId=1150003745</nextPage>
  <collection>
    <record xmlns='http://www.loc.gov/MARC21/slim'><leader>01247namZa2200373ZiZ4500</leader><controlfield tag='001'>b00001150003744</controlfield><controlfield tag='005'>20260404091830.2</controlfield><controlfield tag='008'>230609s        pl           |000 0 pol c</controlfield><controlfield tag='009'>9913261978905606</controlfield><datafield ind1=' ' ind2=' ' tag='020'><subfield code='a'>9788361245063</subfield></datafield><datafield ind1=' ' ind2=' ' tag='035'><subfield code='a'>KR_1KR_1_20120317235709022524-48omnis_kr</subfield></datafield><datafield ind1=' ' ind2=' ' tag='035'><subfield code='a'>KR_1_20120317235709022524</subfield><subfield code='9'>ExL</subfield></datafield><datafield ind1=' ' ind2=' ' tag='035'><subfield code='a'>(PL)b00001150003744</subfield></datafield><datafield ind1=' ' ind2=' ' tag='040'><subfield code='a'>KR_1</subfield><subfield code='c'>KR_1</subfield></datafield><datafield ind1='0' ind2=' ' tag='041'><subfield code='a'>pol</subfield></datafield><datafield ind1='1' ind2=' ' tag='100'><subfield code='a'>Marjańska-Czernik, Maria</subfield><subfield code='d'>(1947- )</subfield></datafield><datafield ind1='1' ind2='0' tag='245'><subfield code='a'>Wypożyczalnia babć /</subfield><subfield code='c'>Maria Marjańska-Czernik ; il. Justyna Mahboob.</subfield></datafield><datafield ind1=' ' ind2=' ' tag='260'><subfield code='a'>Warszawa :</subfield><subfield code='b'>Stentor,</subfield><subfield code='c'>2008.</subfield></datafield><datafield ind1=' ' ind2=' ' tag='300'><subfield code='a'>53 s. :</subfield><subfield code='b'>il. kolor. ;</subfield><subfield code='c'>21 cm.</subfield></datafield><datafield ind1='1' ind2=' ' tag='490'><subfield code='a'>Kora</subfield></datafield><datafield ind1=' ' ind2=' ' tag='500'><subfield code='a'>d</subfield></datafield><datafield ind1='8' ind2=' ' tag='521'><subfield code='a'>Wiek: 5+.</subfield></datafield><datafield ind1=' ' ind2='9' tag='650'><subfield code='a'>Opowiadanie dziecięce polskie</subfield><subfield code='y'>21 w.</subfield></datafield><datafield ind1='1' ind2=' ' tag='700'><subfield code='a'>Mahboob, Justyna.</subfield><subfield code='e'>Il.</subfield></datafield><datafield ind1=' ' ind2=' ' tag='852'><subfield code='b'>48OMNIS_NETWORK</subfield><subfield code='8'>9913261978905606</subfield></datafield><datafield ind1=' ' ind2=' ' tag='852'><subfield code='b'>48OMNIS_KBP</subfield><subfield code='8'>990002937390108412</subfield></datafield><datafield ind1=' ' ind2=' ' tag='852'><subfield code='8'>22748465200008412</subfield><subfield code='j'>1</subfield><subfield code='b'>09</subfield><subfield code='p'>11772866</subfield><subfield code='c'>09WDZ</subfield></datafield><datafield ind1=' ' ind2=' ' tag='852'><subfield code='8'>22748465180008412</subfield><subfield code='j'>1</subfield><subfield code='b'>11</subfield><subfield code='p'>11772859</subfield><subfield code='c'>11WYP</subfield></datafield><datafield ind1=' ' ind2=' ' tag='852'><subfield code='8'>22748465240008412</subfield><subfield code='j'>1</subfield><subfield code='b'>03</subfield><subfield code='p'>11772873</subfield><subfield code='c'>03WYP</subfield></datafield><datafield ind1=' ' ind2=' ' tag='852'><subfield code='8'>22748465220008412</subfield><subfield code='j'>0</subfield><subfield code='b'>06</subfield><subfield code='p'>11772989</subfield><subfield code='c'>06UBYTKI</subfield></datafield><datafield ind1=' ' ind2=' ' tag='920'><subfield code='a'>978-83-612-4506-3</subfield></datafield></record>
  </collection>
</resp>
